Widok standardowy
Widok MARC
Pozycja Corporate Name
Liczba rekordów, w których użyto hasła: 1
001 - Numer kontrolny
- control field: 39643
003 - Identyfikator numeru kontrolnego
- control field: NUKAT
005 - Data i czas ostatniej modyfikacji
- control field: 20260408123114.0
008 - Dane kontrolne kodowane (40 znaków)
- fixed length control field: 101027n||aaznnbabn |a ana |c
010 ## - Numer kontrolny Biblioteki Kongresu
- numer kontrolny LC: sx2007203632
040 ## - Instytucja sporządzająca rekord
- inst. przygot. dane do rek. khw: KR U/MW
- język haseł przedmiotowych/tezaurus: kaba
- inst. wprow. rek. khw: KR U/MW
110 1# - Hasło - nazwa ciała zbiorowego
- nazwa ciała zbior. lub geogr. na pocz.: Polska.
- nazwa jednostki podrzędnej: Urząd Ochrony Państwa
- określnik rzeczowy: historia.